Statistics for We've Almost Been There ....

Click here to take the quiz!

General Stats

  • This quiz has been taken 58 times
    (3 since last reset)
  • The average score is 12 of 25

Answer Stats

mi Country % Correct
6.5France
100%
0.2D. R. Congo
50%
298Slovakia
50%
286Somalia
50%
245Djibouti
50%
238Italy
50%
225Norway
50%
183Austria
50%
155Malawi
50%
153Tanzania
50%
151Switzerland
50%
150Angola
50%
139Cuba
50%
131Mozambique
50%
122Mexico
50%
108Czech Republic
50%
58Bahamas
50%
44United Kingdom
50%
42Poland
50%
33Namibia
50%
31Botswana
50%
311Latvia
50%
200Liechtenstein
0%
273Russia
0%
290Sudan
0%

Score Distribution

Percentile by Number Answered

Percent of People with Each Score

Your Score History

You have not taken this quiz since the last reset